| 000 | 00000nam##2200000za#4500 |
| 001 | 9.657350 |
| 003 | CaOODSP |
| 005 | 20200401062745 |
| 007 | ta |
| 008 | 150407|1994||||xxc||||| f|0| 0 fre|d |
| 020 | |a0-662-61580-8 |
| 040 | |aCaOODSP|bfre |
| 041 | |aeng |
| 041 | |afre |
| 043 | |an-cn--- |
| 086 | 1 |aJS42-59/1994 |
| 110 | 1 |aCanada.|bSolliciteur général Canada. |bComité de surveillance des activités de renseignement de sécurité. |
| 245 | 10|aL'affaire du Heritage Front : |brapport présenté au Solliciteur général du Canada, le 9 décembre 1994 |
| 260 | |aOttawa - Ontario : |bSolliciteur général Canada. |c1994. |
| 300 | |aTexte français, 235p. en pagination multiple. : |bréférences ; |c28 cm. |
| 500 | |aSommaire: Méthodologie.--Avant propos.--Vue d'ensemble de l'extrême droite.--Ciblage des extrémistes.--Présumé informateur tenant de la suprématie blanche.--La montée du Heritage Front.--Collecte de renseignements et harcèlement.--Fonds versés à la source au Heritage Front.--Parti réformiste.--Le parti réformiste et un pays étranger.--Les incidents Metzger et Maguire.--La source, Bristow et les poursuites judiciaires.--Bristow et les allégations d'espionnage exercé par la SCRS contre les postiers.--Espionnage de la CBC.--Constatations et conclusions.--Annexe A: Mode de fonctionnement du processus de ciblage.--Clé des sigles. |
| 563 | |aCouverture souple |
| 691 | 07|aRelations raciales|2gcpds |
| 691 | 07|aDiscrimination raciale|2gcpds |
| 791 | |tThe Heritage Front affair : |eeng|w(CaOODSP)9.657349 |
| 986 | |aDossier n° 2800-54 |